Statistics for Worlds Longest Commercial Flight (Non-Stop)

Click here to take the quiz!

General Stats

  • This quiz has been taken 238 times
  • The average score is 28 of 32

Answer Stats

CityAirline(s)% Correct
Singapore
99%
SingaporeSingapore Airlines
99%
Singapore
99%
New York City (JFK)Singapore Airlines
97%
New York (JFK)Philippine Airlines
97%
Sydney
97%
Sydney
97%
DubaiEmirates
95%
Dubai
95%
London (Heathrow)
93%
Los AngelesSingapore Airlines
93%
Los Angeles
93%
Los Angeles
93%
Los Angeles
93%
Los Angeles
93%
DohaQatar Airways
90%
Doha
90%
Manila
89%
Manila
89%
VancouverAir Canada
86%
PerthQantas
82%
San FranciscoUnited Airlines
81%
TorontoPhilippine Airlines
80%
Melbourne
78%
Atlanta
77%
AucklandEmirates
77%
AucklandQatar Airways
77%
Abu DhabiEtihad Airways
76%
HoustonUnited Airlines
70%
Dallas/Fort WorthQantas
67%
JeddahSaudia
64%
JohannesburgDelta Airlines
55%

Score Distribution

Percentile by Number Answered

Percent of People with Each Score

Your Score History

You have not taken this quiz